000 00645cam a22002173a 4500
001 40696
003 PGUSA
005 20140828083917.0
008 120907s2012||||xxu|||||s|||||000 | eng d
040 _aPGUSA
_beng
042 _adc
100 1 _aChambers, Robert W.
_q(Robert William),
_d1865-1933
245 1 0 _aWho Goes There!
_h[electronic resource] /
_cRobert W. Chambers
260 _bProject Gutenberg,
_c2012
506 _aPublic domain in the USA.
516 _aElectronic text
700 1 _aKeller, Arthur Ignatius,
_d1866-1924
830 0 _aProject Gutenberg
_v40696
856 4 0 _uhttp://www.gutenberg.org/ebooks/40696
942 _cEB
999 _c269948
_d269948